En esta oscura marcha

Kaydedildi:
Detaylı Bibliyografya
Yazar: Cid, Alicia
Materyal Türü: Kitap
Dil:Spanish
Baskı/Yayın Bilgisi: Madrid, España Rialp 1972
Konular:
Etiketler: Etiketle
Etiket eklenmemiş, İlk siz ekleyin!

MARC

LEADER 00000nam a2200000Ia 4500
008 170316s9999 xx 000 0 spa d
040 |a cru BVZT 
090 |a 862 C-39e 
100 |a Cid, Alicia 
245 |a En esta oscura marcha 
260 |a Madrid, España 
260 |b Rialp 
260 |c 1972 
300 |a 70 páginas 
650 |a LITERATURA ESPAÑOLA 
942 |c 15 D 
999 |c 9720  |d 9720